000 00379nam a2200133Ia 4500
008 220217s9999||||xx |||||||||||||| ||und||
020 _a8121929032
082 _a658.311 OMK
100 _aOmkar R.M
245 0 _aPersonolity development and carier
260 _aS. Chand & company Ltd.
_bNew Delhi
_c2011
300 _aXX, 210p.
_b340
650 _aHUMAN RESOURCE MANAGEMENT
999 _c183403
_d183403